<?xml version="1.0" encoding="UTF-8"?><marc:collection xmlns:marc="http://www.loc.gov/MARC21/slim">
  <marc:record>
    <marc:leader>00000nam##2200000za#4500</marc:leader>
    <marc:controlfield tag="001">9.648261</marc:controlfield>
    <marc:controlfield tag="003">CaOODSP</marc:controlfield>
    <marc:controlfield tag="005">20210615113016</marc:controlfield>
    <marc:controlfield tag="007">ta</marc:controlfield>
    <marc:controlfield tag="008">150407|2001||||xxc|||||     f|0| 0 eng|d</marc:controlfield>
    <marc:datafield tag="020" ind1=" " ind2=" ">
      <marc:subfield code="a">1-894737-00-8</marc:subfield>
    </marc:datafield>
    <marc:datafield tag="040" ind1=" " ind2=" ">
      <marc:subfield code="a">CaOODSP</marc:subfield>
      <marc:subfield code="b">eng</marc:subfield>
    </marc:datafield>
    <marc:datafield tag="043" ind1=" " ind2=" ">
      <marc:subfield code="a">n-cn---</marc:subfield>
    </marc:datafield>
    <marc:datafield tag="086" ind1="1" ind2=" ">
      <marc:subfield code="a">En134-32/2001E</marc:subfield>
    </marc:datafield>
    <marc:datafield tag="110" ind1="2" ind2=" ">
      <marc:subfield code="a">National Round Table on the Environment and the Economy (Canada)</marc:subfield>
    </marc:datafield>
    <marc:datafield tag="245" ind1="1" ind2="0">
      <marc:subfield code="a">Managing potentially toxic substances in Canada : </marc:subfield>
      <marc:subfield code="b">a state of the debate report from the National Round Table on the Environment and the Economy </marc:subfield>
    </marc:datafield>
    <marc:datafield tag="260" ind1=" " ind2=" ">
      <marc:subfield code="a">Ottawa - Ontario : </marc:subfield>
      <marc:subfield code="b">National Round Table on the Environment and the Economy </marc:subfield>
      <marc:subfield code="c">2001.</marc:subfield>
    </marc:datafield>
    <marc:datafield tag="300" ind1=" " ind2=" ">
      <marc:subfield code="a">vii, 86p. : </marc:subfield>
      <marc:subfield code="b">figs., references ; </marc:subfield>
      <marc:subfield code="c">28 cm.</marc:subfield>
    </marc:datafield>
    <marc:datafield tag="500" ind1=" " ind2=" ">
      <marc:subfield code="a">"The NRTEE's state of the debate reports synthesize the results of stakeholder consultations on potential opportunities for sustainable development. They summarize the extent of consensus and reasons for disagreement, review the consequence of action or inaction, and recommend steps specific stakeholders can take to promote sustainability."--Mandate. "In 1998, the National Round Table on the Environment and the Economy (NRTEE) began a multistakeholder process to investigate how government assesses chemical substances and how it makes decisions about their use. This report documents the results of that work, presenting 11 recommendations aimed at improving the decision-making processes designed to protect Canadians from health impacts that could result from contact with dangerous chemicals in air, water, soil and food."--Page 3.</marc:subfield>
    </marc:datafield>
    <marc:datafield tag="520" ind1="3" ind2=" ">
      <marc:subfield code="a">The NRTEE's state of the debate reports synthesize the results of stakeholder consultations on potential opportunities for sustainable development. They summarize the extent of consensus and reasons for disagreement, review the consequence of action or inaction, and recommend steps specific stakeholders can take to promote sustainability.--Mandate In 1998, the National Round Table on the Environment and the Economy (NRTEE) began a multistakeholder process to investigate how government assesses chemical substances and how it makes decisions about their use. This report documents the results of that work, presenting 11 recommendations aimed at improving the decision-making processes designed to protect Canadians from health impacts that could result from contact with dangerous chemicals in air, water, soil and food.--Page 3</marc:subfield>
    </marc:datafield>
    <marc:datafield tag="563" ind1=" " ind2=" ">
      <marc:subfield code="a">Softcover</marc:subfield>
    </marc:datafield>
    <marc:datafield tag="590" ind1=" " ind2=" ">
      <marc:subfield code="a">01-30</marc:subfield>
      <marc:subfield code="b">2001-07-27</marc:subfield>
    </marc:datafield>
    <marc:datafield tag="690" ind1="0" ind2="7">
      <marc:subfield code="a">Toxic substances</marc:subfield>
      <marc:subfield code="2">gcpds</marc:subfield>
    </marc:datafield>
    <marc:datafield tag="690" ind1="0" ind2="7">
      <marc:subfield code="a">Environmental management</marc:subfield>
      <marc:subfield code="2">gcpds</marc:subfield>
    </marc:datafield>
    <marc:datafield tag="690" ind1="0" ind2="7">
      <marc:subfield code="a">Pollution control</marc:subfield>
      <marc:subfield code="2">gcpds</marc:subfield>
    </marc:datafield>
    <marc:datafield tag="690" ind1="0" ind2="7">
      <marc:subfield code="a">Chemicals</marc:subfield>
      <marc:subfield code="2">gcpds</marc:subfield>
    </marc:datafield>
    <marc:datafield tag="775" ind1="0" ind2="8">
      <marc:subfield code="t">La gestion des substances potentiellement toxiques au Canada : </marc:subfield>
      <marc:subfield code="w">(CaOODSP)9.681574</marc:subfield>
    </marc:datafield>
    <marc:datafield tag="776" ind1="0" ind2="#">
      <marc:subfield code="t">Managing potentially toxic substances in Canada : </marc:subfield>
      <marc:subfield code="w">(CaOODSP)9.694983</marc:subfield>
    </marc:datafield>
  </marc:record>
</marc:collection>
